[Event "11. OSEM SH 2017"]
[Site "Büsum"]
[Date "2017.09.14"]
[Round "7.1"]
[White "Ackermann, Hans Werner"]
[Black "Schumacher, Gottfried"]
[Result "1/2-1/2"]
[BlackElo "2273"]
[BlackTeam "HTC Bad Neuenahr"]
[WhiteElo "2295"]
[WhiteTeam "SC Hansa Dortmund"]

1. Nf3 c5 2. b3 Nf6 3. Bb2 e6 4. e3 Be7 5. Be2 O-O  6. O-O  b6 7. d4 Bb7
8. c4 d5 9. cxd5 Nxd5 10. Nc3 cxd4 11. Nxd5 Qxd5 12. Qxd4 Qxd4 13. Nxd4 Bf6 14.
Rab1 Rd8 15. Bf3  1/2-1/2

[Event "11. OSEM SH 2017"]
[Site "Büsum"]
[Date "2017.09.14"]
[Round "7.2"]
[White "Bartsch, Berthold"]
[Black "Szenetra, Werner"]
[Result "1/2-1/2"]
[BlackElo "2148"]
[BlackTeam "SV Berenbostel"]
[WhiteElo "2259"]
[WhiteTeam "SC Forchheim"]

1. e4 g6 2. Nc3 Bg7 3. g3 c5 4. Bg2 Nc6 5. d3 d6 6. Be3 Rb8 7. Qd2 b5 8. f4 b4
9. Nd1 Qc7 10. Nf3 Nf6 11. h3 O-O  12. O-O  Ba6 13. g4 Rfd8 14. f5 c4
15. Nf2 Nd7  1/2-1/2

[Event "11. OSEM SH 2017"]
[Site "Büsum"]
[Date "2017.09.14"]
[Round "7.3"]
[White "Rahls, Peter"]
[Black "Nordby, Bernt"]
[Result "0-1"]
[BlackElo "2027"]
[BlackTeam "Frederiksstad Schakselskap"]
[WhiteElo "2151"]
[WhiteTeam "SK Zehlendorf"]

1. e4 e6 2. Nf3 d5 3. e5 c5 4. b4 c4 5. c3 a5 6. b5 a4 7. d3 cxd3 8. Bxd3 Nd7 9.
O-O  Ne7 10. Re1 Ng6 11. g3 Nc5 12. Bc2 Bd7 13. Na3 Qc7 14. Rb1 b6 15. h4
Be7 16. h5 Nf8 17. c4 Ne4 18. Bxe4 dxe4 19. Rxe4 h6 20. Nc2 Bc8 21. Ne3 Bb7 22.
Rg4 Rd8 23. Qe2 g5 24. Bb2 Nd7 25. Rd1 Ba8 26. Kh2 Qb8 27. Nd2 Nc5 28. Bd4 Qc7
29. Bxc5 Bxc5 30. Ne4 Qxe5 31. Rxd8+ Kxd8 32. Nxc5 Qxc5 33. Qb2 e5 34. Nf5 Bf3
35. Qd2+ Kc7 36. Nxh6 Bxg4 37. Nxg4 Rxh5+ 38. Kg2 Qxc4 39. Nf6 Rh8 40. Qxg5 Qe6
41. Kf3 Rd8 42. Ne4 Qd5 43. Qf5 Rd7 44. g4 Qxb5 45. Kg2 Qd5 46. f3 Qxa2+ 47.
Kg3 Qe6 48. Qg5 Kb7 49. Qc1 Qc6 50. Qb2 f6 51. Qb4 Rd5 52. Qf8 Rd3 53. Qb4 a3 
0-1

[Event "11. OSEM SH 2017"]
[Site "Büsum"]
[Date "2017.09.14"]
[Round "7.4"]
[White "Van den Berg, Ad"]
[Black "Baum, Bernd, Dr."]
[Result "0-1"]
[BlackElo "2268"]
[BlackTeam "SC Fulda"]
[WhiteElo "2237"]
[WhiteTeam "Aas Alsmeer"]

1. e4 e6 2. d4 d5 3. Nc3 Nf6 4. e5 Nfd7 5. f4 c5 6. Nf3 Be7 7. Be3 b6 8. Qd2 O-O
 9. O-O-O Nc6 10. h4 c4 11. g4 b5 12. Nxb5 Rb8 13. Nd6 Qb6 14. c3 Bxd6 15.
exd6 Nf6 16. Ne5 Qa5 17. Qc2 Ne4 18. Bg2 Nxd6 19. f5 Ne7 20. Bg5 f6 21. Ng6
hxg6  0-1

[Event "11. OSEM SH 2017"]
[Site "Büsum"]
[Date "2017.09.14"]
[Round "7.5"]
[White "Knaak, Joachim"]
[Black "Hess, Christian Mathias"]
[Result "1/2-1/2"]
[BlackElo "2238"]
[BlackTeam "FC ST.Pauli"]
[WhiteElo "2129"]
[WhiteTeam "SV Dresden-Leuben"]

1. d4 d5 2. c4 c6 3. Nc3 Nf6 4. Nf3 dxc4 5. a4 Bf5 6. e3 e6 7. Bxc4 Bb4 8. O-O
 O-O  9. Qe2 Nbd7 10. e4 Bg6 11. e5 Nd5 12. Bd2 Qa5 13. Rfc1 h6 14.
Nxd5 cxd5 15. Bxb4 Qxb4 16. Bd3 Rac8 17. Bxg6 fxg6 18. Qb5 Qxb5 19. axb5 a6 20.
bxa6 bxa6 21. Kf1 Rxc1+ 22. Rxc1 Rb8 23. Rc6 Kf7 24. Rxa6 Rxb2 25. Ra7  1/2-1/2

[Event "11. OSEM SH 2017"]
[Site "Büsum"]
[Date "2017.09.14"]
[Round "7.6"]
[White "Engbrecht, Helmut"]
[Black "Postler, Reinhard"]
[Result "1/2-1/2"]
[BlackElo "2221"]
[BlackTeam "TSG Oberschöneweide"]
[WhiteElo "1981"]
[WhiteTeam "SV Schorndorf"]

1. f4 c5 2. Nf3 d5 3. e3 g6 4. Bb5+ Bd7 5. Bxd7+ Qxd7 6. Ne5 Qc7 7. Qf3 Nf6 8.
b3 Nc6 9. Nxc6 Qxc6 10. Bb2 Bg7 11. d3 O-O  12. Nd2 Rad8 13. O-O  Ne4
14. dxe4 Bxb2 15. Rad1 Bg7 16. exd5 Rxd5 17. Nc4 Rxd1 18. Rxd1 Qc7 19. Qd5 b5
20. Ne5 e6 21. Qd6 Bxe5 22. fxe5 Rc8 23. c3 Qa5 24. Qe7 Qxc3  1/2-1/2

[Event "11. OSEM SH 2017"]
[Site "Büsum"]
[Date "2017.09.14"]
[Round "7.7"]
[White "Hassenrück, Helmut"]
[Black "Urbanek, Paul-Gerhard"]
[Result "1-0"]
[BlackElo "1927"]
[BlackTeam "SF Buxtehude"]
[WhiteElo "2167"]
[WhiteTeam "SG-Gladbeck"]

1. d4 Nf6 2. Nf3 d6 3. c4 g6 4. Nc3 Bg7 5. e4 O-O  6. Be2 c6 7. O-O  Qc7
8. h3 e5 9. Be3 a6 10. Rc1 c5 11. d5 Nh5 12. Re1 Nd7 13. Nd2 Nf4 14. Bf1 f5 15.
g3 fxe4 16. Ndxe4 Nh5 17. Ng5 Ndf6 18. g4 Nf4 19. Bxf4 exf4 20. Ne6 Bxe6 21.
dxe6 Ne8 22. Nd5 Qa5 23. Qb3 Rb8 24. Ne7+ Kh8 25. Nc6 bxc6 26. Qxb8 Nc7 27. Qb3
Re8 28. Bg2 Be5 29. Bxc6 Rxe6 30. Qb8+ Kg7 31. Qd8 Qb6 32. Qd7+ Kg8 33. Rc3
Bxc3 34. Rxe6 Nxe6 35. Qxe6+ Kg7 36. Qd7+ Kf6 37. Qxd6+  1-0

[Event "11. OSEM SH 2017"]
[Site "Büsum"]
[Date "2017.09.14"]
[Round "7.8"]
[White "Bade, Uwe"]
[Black "Meyer, Irmin, Dr."]
[Result "1-0"]
[BlackElo "2000"]
[BlackTeam "SV Werder Bremen"]
[WhiteElo "2157"]
[WhiteTeam "SC Friesen Lichtenberg"]

1. e4 c6 2. d4 d5 3. exd5 cxd5 4. c4 Nf6 5. Nc3 e6 6. Nf3 Bb4 7. cxd5 exd5 8.
Bd3 O-O  9. O-O  h6 10. Ne5 Nc6 11. Bc2 Re8 12. Re1 Bd6 13. Bf4 Qb6 14.
Ba4 Bb4 15. a3 Bf8 16. Qd3 Rd8 17. Rad1 Be6 18. Bc2 Ne7 19. Na4 Qc7 20. Ng4 Bf5
21. Nxf6+ gxf6 22. Qg3+  1-0

[Event "11. OSEM SH 2017"]
[Site "Büsum"]
[Date "2017.09.14"]
[Round "7.9"]
[White "Paus, Franz"]
[Black "Walther, Reinhard"]
[Result "1-0"]
[BlackElo "2051"]
[BlackTeam "SK Herzogenaurach"]
[WhiteElo "2145"]
[WhiteTeam "SC Bayer Uerdingen"]

1. d4 c5 2. d5 g6 3. c4 Bg7 4. Nc3 Bxc3+ 5. bxc3 f5 6. Qc2 Nf6 7. Bh6 Rg8 8. f3
d6 9. Bg5 Nbd7 10. Nh3 Ne5 11. Nf2 Nxc4 12. Qa4+ Bd7 13. Qxc4 b5 14. Qd3 Qb6
15. e4 a5 16. Be2 c4 17. Qd2 Rc8 18. Be3 Qb7 19. Rb1 h5 20. O-O  Nh7 21. h4
Rf8 22. Bh6 Rf7 23. Qd4 Qc7 24. Qh8+ Nf8 25. Nh3 e5 26. dxe6 Bxe6 27. Ng5  1-0

[Event "11. OSEM SH 2017"]
[Site "Büsum"]
[Date "2017.09.14"]
[Round "7.10"]
[White "Gläser, Wilfried"]
[Black "Krebel, Christoph"]
[Result "0-1"]
[BlackElo "2021"]
[BlackTeam "SV Wesel"]
[WhiteElo "2129"]
[WhiteTeam "SK Anderten"]

1. Nf3 d5 2. b3 c6 3. Bb2 Bf5 4. d3 e6 5. g3 Nf6 6. Bg2 Nbd7 7. Nbd2 Bd6 8. O-O
 O-O  9. Nh4 Bg4 10. h3 Bh5 11. Qe1 Re8 12. e4 e5 13. Nf5 Bc5 14. g4
Bg6 15. Qe2 Nf8 16. Ng3 h6 17. Nf3 N6d7 18. c4 Ne6 19. cxd5 Nf4 20. Qc2 cxd5
21. Nxe5 Rc8 22. Nxg6 fxg6 23. Qd2 Qg5 24. Rad1 Bd6 25. d4 Nf8 26. e5 Be7 27.
Qa5 Rc2 28. Bc1 N8e6 29. Bxd5 Nxh3+ 30. Kg2 Qxg4 31. Qxa7 Bh4 32. Bxe6+ Rxe6
33. Rd3 Rxc1 34. Rxc1 Nf4+ 35. Kg1 Nxd3 36. Rc8+ Kh7 37. Qb8 g5 38. Rh8+ Kg6
39. Qg8 Bxg3 40. Qh7+ Kh5 41. Qxd3 Bf4+ 42. Kf1 Rc6  0-1

[Event "11. OSEM SH 2017"]
[Site "Büsum"]
[Date "2017.09.14"]
[Round "7.11"]
[White "Lotzien, Hans"]
[Black "Kotlar, Alfred"]
[Result "1-0"]
[BlackElo "2041"]
[BlackTeam "SC Recklinghausen Altstadt"]
[WhiteElo "2126"]
[WhiteTeam "Godesberger SK"]

1. e4 g6 2. Nc3 Bg7 3. Bc4 a6 4. a4 d6 5. d3 Nc6 6. Nge2 e6 7. O-O Nge7 8. f3
O-O 9. Bg5 Qe8 10. Qd2 Nd4 11. Nxd4 Bxd4+ 12. Kh1 Nc6 13. Nd1 Qd7 14. c3 Bg7
15. Bb3 Na5 16. Bc2 c5 17. d4 cxd4 18. cxd4 Nc4 19. Qd3 d5 20. e5 Na5 21. Nf2
Nc6 22. Ng4 Nb4 23. Qd2 Nxc2 24. Nf6+  1-0

[Event "11. OSEM SH 2017"]
[Site "Büsum"]
[Date "2017.09.14"]
[Round "7.12"]
[White "Just, Fred"]
[Black "Heinzel, Peter"]
[Result "1/2-1/2"]
[BlackElo "2028"]
[BlackTeam "SC Mülheim"]
[WhiteElo "2121"]
[WhiteTeam "SV Werder Bremen"]

1. d4 Nf6 2. Nf3 d6 3. g3 g6 4. Bg2 Bg7 5. O-O  O-O  6. Nbd2 c6 7. c3
Qc7 8. e4 e5 9. dxe5 dxe5 10. Qc2 Bg4 11. b3 Nbd7 12. Ba3 Rfe8 13. Nc4 Bxf3 14.
Bxf3 b5 15. Ne3 Bf8 16. Bxf8 Nxf8 17. h4 h5 18. Bg2 Ne6 19. Rad1 Rad8 20. b4
Rxd1 21. Rxd1 Rd8 22. Rd3 Rxd3 23. Qxd3 Qd8 24. Qxd8+ Nxd8 25. f4 Nd7 26. Bh3
exf4 27. gxf4 Nb6 28. Kf2 Kf8 29. Ke2 Ke7 30. Kd3 Ne6 31. Bxe6 Kxe6 32. Kd4 Nd7
33. c4 a6 34. Nf1 Kd6 35. Ne3 Ke6 36. Nd1 Kd6 37. Nc3 bxc4 38. Kxc4 Ke6 39. a4
f6 40. Kd4 g5 41. fxg5 fxg5 42. hxg5 h4 43. Ke3 Kf7 44. Kf4 Kg6 45. e5 Nf8 46.
Ne4 h3 47. Kg3 Kf5 48. Nc5 Kxg5 49. Nxa6 Kf5 50. Nb8 c5 51. bxc5 Kxe5 52. a5
Ne6 53. a6 Nc7 54. a7 Kd5 55. c6 Na8 56. Kxh3 Kd6 57. Kg4 Kc7 58. Kf5 Kb6 59.
Ke5 Kxa7 60. Nd7 Nc7 61. Kd6 Nb5+ 62. Kc5 Nc7 63. Nf6 Kb8 64. Kd6 Kc8 65. Nd5
Nb5+ 66. Kc5 Na7 67. Nb6+  1/2-1/2

[Event "11. OSEM SH 2017"]
[Site "Büsum"]
[Date "2017.09.14"]
[Round "7.13"]
[White "Andersen, Knut"]
[Black "Kliewe, Hans-Jürgen"]
[Result "1/2-1/2"]
[BlackElo "2037"]
[BlackTeam "ASV Wismar"]
[WhiteElo "2108"]
[WhiteTeam "SF Buer"]

1. d4 d5 2. Bf4 Bf5 3. e3 e6 4. Nf3 Nf6 5. c4 Bxb1 6. Qa4+ Qd7 7. Qxd7+ Nbxd7 8.
Rxb1 Bb4+ 9. Kd1 Ne4 10. Bg3 Ndf6 11. Bd3 O-O  12. Ke2 c6 13. c5 Ba5 14.
Rhc1 Nxg3+ 15. hxg3 a6 16. b4 Bc7 17. a4 Nd7 18. b5 axb5 19. axb5 e5 20. Bf5
Ra2+ 21. Kf1 Nb8 22. b6 Bd8 23. Nxe5 Be7 24. Ra1 Rxa1 25. Rxa1 g6 26. Bh3 f6
27. Be6+ Kg7 28. Nd3 f5 29. Ra7 Kf6 30. Bxd5 cxd5 31. Rxb7 Rd8 32. Ne5 Bxc5 33.
Rf7+ Ke6 34. Rxh7 Bxb6 35. Rg7 Ba5 36. Rxg6+ Ke7 37. Ke2 Bb4 38. g4 fxg4 39.
Rxg4 Bd6 40. Rg7+ Kf8 41. Rh7 Kg8 42. Rb7 Bxe5 43. dxe5 Nd7 44. f4 Nc5 45. Ra7
Ne4 46. Kd3 Nc5+ 47. Kc3 Ne6 48. g3 d4+ 49. exd4 Nxd4 50. Kc4 Nf5 51. Ra3 Kf7
52. Kc5 Rd1 53. g4 Nh6 54. Ra7+ Kg6 55. Ra6+ Kg7 56. f5 Rc1+ 57. Kd5 Rd1+ 58.
Ke4 Re1+ 59. Kf4 Rf1+ 60. Kg3 Nxf5+  1/2-1/2

[Event "11. OSEM SH 2017"]
[Site "Büsum"]
[Date "2017.09.14"]
[Round "7.14"]
[White "Lomer, Edmund"]
[Black "Schulz, Wolfgang"]
[Result "1-0"]
[BlackElo "2101"]
[BlackTeam "Hamburger SK"]
[WhiteElo "2065"]
[WhiteTeam "Eckernförder SC"]

1. Nf3 Nf6 2. g3 g6 3. Bg2 Bg7 4. d4 O-O  5. O-O  d6 6. c4 Nc6 7. Nc3 a6
8. h3 Rb8 9. Bg5 h6 10. Bxf6 Bxf6 11. Rc1 Bd7 12. e3 e6 13. Qe2 Bg7 14. Rfd1
Ne7 15. e4 b5 16. cxb5 axb5 17. e5 b4 18. Ne4 Bb5 19. Qd2 Nd5 20. Bf1 f5 21.
exf6 Nxf6 22. Nxf6+ Qxf6 23. Nh4 Bxf1 24. Rxf1 g5 25. Ng2 Qxd4 26. Qxd4 Bxd4
27. Rxc7 Ra8 28. a3 bxa3 29. bxa3 Rxa3 30. Rc2 Rxg3 31. Kh2 Rgf3 32. Kg1 Rxh3
33. Ne1 Rf4 34. Kg2 Ra3 35. f3 g4 36. Rd2 e5 37. Nd3 Rxf3 38. Rxf3 gxf3+ 39.
Kxf3 Kf7 40. Kg4 Kg6 41. Rd1 h5+ 42. Kh4 Ra4 43. Kh3 Kg5 44. Ne1 Ra3+ 45. Kg2
Kf4 46. Kh2 Ra1 47. Ng2+ Kg4 48. Rd3 Bg1+ 49. Kh1 h4 50. Nxh4 Kxh4 51. Rh3+ Kg4
52. Rg3+ Kf4 53. Rxg1 Rxg1+ 54. Kxg1  1-0

[Event "11. OSEM SH 2017"]
[Site "Büsum"]
[Date "2017.09.14"]
[Round "7.15"]
[White "Gehrmann, Rudolf-Rainer"]
[Black "Lehmann, Erwin"]
[Result "1-0"]
[BlackElo "2015"]
[BlackTeam "Ahrensburger TSV"]
[WhiteElo "2096"]
[WhiteTeam "SV Eutin"]

1. c4 c5 2. Nc3 g6 3. g3 Bg7 4. Bg2 Nc6 5. Nf3 Nf6 6. d4 cxd4 7. Nxd4 O-O 
8. O-O  Nxd4 9. Qxd4 d6 10. Rd1 Qa5 11. Qd3 Nd7 12. Nd5 Re8 13. Bd2 Qd8 14.
Bc3 Ne5 15. Qc2 Be6 16. b3 Rc8 17. Qb2 Bh6 18. Bxe5  1-0

[Event "11. OSEM SH 2017"]
[Site "Büsum"]
[Date "2017.09.14"]
[Round "7.16"]
[White "Biller, Helmut, Dr."]
[Black "Bullert, Wolfgang"]
[Result "1-0"]
[BlackElo "1989"]
[BlackTeam "Potsdamer SV"]
[WhiteElo "2084"]
[WhiteTeam "SF Frankfurt"]

1. d4 d5 2. c4 e6 3. Nc3 c5 4. cxd5 cxd4 5. Qa4+ Bd7 6. Qxd4 exd5 7. Qxd5 Nf6 8.
Qd1 Nc6 9. Nf3 Bc5 10. e3 Qe7 11. Be2 Rd8 12. O-O  O-O  13. a3 Bf5 14.
Qa4 Ng4 15. Bd2 a6 16. Rad1 Bc8 17. Bc1 b5 18. Qc2 Rfe8 19. Rxd8 Rxd8 20. Rd1
Re8 21. b4 Ba7 22. Nd5 Qb7 23. h3 Nge5 24. Bb2 Be6 25. Nxe5 Nxe5 26. Nc7 Bb3
27. Qxb3 Qxc7 28. Qc3 Qb6 29. Qd2 Bb8 30. Qd4 Qg6 31. f4 Nc6 32. Qd5 Rf8 33.
Bf3 Ne7 34. Qd4 Nf5 35. Bg4 Nxe3 36. Qxe3 Qc2 37. Qd2  1-0

[Event "11. OSEM SH 2017"]
[Site "Büsum"]
[Date "2017.09.14"]
[Round "7.17"]
[White "Achenbach, Manfred"]
[Black "Jäke, Wilhelm"]
[Result "1-0"]
[BlackElo "1983"]
[BlackTeam "Kropper SC"]
[WhiteElo "2083"]
[WhiteTeam "SC Mülheim"]

1. Nf3 Nf6 2. c4 e6 3. g3 d5 4. Bg2 Be7 5. O-O  O-O  6. b3 c5 7. d3 Nc6
8. Bb2 Rb8 9. Nbd2 a6 10. Ne5 Nxe5 11. Bxe5 Bd6 12. Bxf6 Qxf6 13. cxd5 exd5 14.
Bxd5 Bh3 15. Bg2 Bxg2 16. Kxg2 Be5 17. Rc1 b6 18. Nc4 Rfe8 19. Qc2 Bd4 20. e3
Qc6+ 21. Kg1 Bf6 22. Nd2 Qd7 23. Ne4 Be5 24. Rfd1 Rbd8 25. Qc4 a5 26. a4 h5 27.
Ng5 Bf6 28. Ne4 Be5 29. h4 Re6 30. Rc2 Rg6 31. f4 Qg4 32. Rf1 Bd4 33. exd4 Rxd4
34. Qa6 f5 35. Qa8+ Kh7 36. Ng5+ Rxg5 37. hxg5 Rxd3 38. Rg2 Rxb3 39. Qd5 Ra3
40. Qc6 Rb3 41. Qd5 Ra3 42. Rb1 Rxg3 43. Rxb6 Qxf4 44. g6+ Kh6 45. Rxg3 Qxg3+
46. Kf1 Qh3+ 47. Ke1 Qe3+ 48. Kd1 f4 49. Qd2 h4 50. Qxe3 fxe3 51. Ke2 h3 52.
Kxe3 h2 53. Rb1 Kxg6 54. Rh1  1-0

[Event "11. OSEM SH 2017"]
[Site "Büsum"]
[Date "2017.09.14"]
[Round "7.18"]
[White "Rychlik, Kurt"]
[Black "Hanisch, Friedrich"]
[Result "1/2-1/2"]
[BlackElo "2081"]
[BlackTeam "SV Lauf"]
[WhiteElo "1988"]
[WhiteTeam "SV Berenbostel"]

1. e4 c6 2. d3 d5 3. Nd2 e5 4. Ngf3 Bd6 5. g3 Nf6 6. Bg2 Bg4 7. h3 Bh5 8. O-O
 dxe4 9. dxe4 Qe7 10. g4 Bg6 11. Nh4 Nbd7 12. Nf5 Bxf5 13. exf5 g6 14. g5
Nh5 15. Ne4 Bc7 16. f6 Qe6 17. Be3 O-O-O 18. Qf3 Kb8 19. a4 Qf5 20. Qxf5 gxf5
21. Ng3 Nxg3 22. fxg3 f4 23. gxf4 exf4 24. Bxf4 Bxf4 25. Rxf4 Nc5 26. b4 Ne6
27. Rf5 Rhg8 28. h4 Rd4 29. b5 Kc7 30. bxc6 bxc6 31. a5 Rxh4 32. Rb1 Ra4 33.
Bf1 Rg4+ 34. Kf2 R8xg5 35. Rxg5 Rxg5 36. a6 Nd8 37. Bd3 h5 38. Rb4 Rg4 39. Rxg4
hxg4 40. Kg3 Kd6 41. Kxg4 Ke5 42. Bc4 Kxf6 43. Kf4 Ke7 44. Ke5 f6+ 45. Kf5 Nf7
46. Be2 Nd6+ 47. Kf4 Kd7 48. Bd3 Kc7 49. Ke3 c5 50. Be2 Kb6 51. Bf1 Ka5 52. Be2
Kb6 53. Bf1 Ka5 54. Be2 Kb4 55. Kd2 c4 56. Bf3 Nb5 57. Bd5 Nc7 58. Bb7 Kb5 59.
Kc3 Kc5 60. Kd2 Kd4 61. c3+ Ke5 62. Bc8 Kf4 63. Bb7 Ke5 64. Ke3 f5 65. Bc8 f4+
66. Kd2 Nb5 67. Bb7 Nd6 68. Bf3 Ne4+ 69. Kc2 Ng5 70. Be2 Kd5 71. Bf1 Kc5 72.
Kd2 Ne4+ 73. Kc2 f3 74. Bh3 f2 75. Kd1 Nxc3+ 76. Kd2 Kd4 77. Bf1 Ne4+  1/2-1/2

[Event "11. OSEM SH 2017"]
[Site "Büsum"]
[Date "2017.09.14"]
[Round "7.19"]
[White "Kracht, Helmut"]
[Black "Leiber, Bernard"]
[Result "1/2-1/2"]
[BlackElo "2074"]
[BlackTeam "SV Osnabrück"]
[WhiteElo "1979"]
[WhiteTeam "SK Kaltenkirchen"]

1. d4 Nf6 2. c4 e6 3. Nc3 c5 4. e3 Be7 5. Nf3 O-O  6. Be2 b6 7. O-O  Bb7
8. Qc2 Nc6 9. a3 d6 10. Re1 Re8 11. Bd2 Rc8 12. dxc5 bxc5 13. Rad1 Qc7 14. Bc1
Red8 15. e4 h6 16. h3 Qb8 17. Bf4 e5 18. Bc1 Nd4 19. Qb1 Qa8 20. Nd5 Nxe2+ 21.
Rxe2 Nxd5 22. exd5 Rf8 23. g4 Rce8 24. g5 h5 25. Kh2 g6 26. Rg1 Bc8 27. Nh4 Kg7
28. Bd2 Bd8 29. Rge1 Qb7 30. f4 Qd7 31. Qd3 exf4 32. Rxe8 Rxe8 33. Rxe8 Qxe8
34. Bxf4 Qd7 35. b4 Be7 36. bxc5 dxc5 37. Qc3+ Kh7 38. Ng2 Qf5 39. Qe3 Qd7 40.
Ne1 Bf8 41. Nd3 Qf5 42. Ne5 Bg7 43. d6 Bf8 44. Nd3 h4 45. Nxc5 Qc2+ 46. Kh1
Bxd6 47. Bxd6 Qd1+ 48. Kg2 Qxd6 49. Qf2 Kg8 50. Qe3 Bf5 51. Kg1 Bxh3 52. Ne4
Qd1+ 53. Kh2 Be6 54. Nf6+ Kf8 55. Qc5+ Kg7 56. Ne8+  1/2-1/2

[Event "11. OSEM SH 2017"]
[Site "Büsum"]
[Date "2017.09.14"]
[Round "7.20"]
[White "Wolke, Reimund"]
[Black "Bohnstorff, Michael"]
[Result "1/2-1/2"]
[BlackElo "2065"]
[BlackTeam "SC Lüneburg"]
[WhiteElo "1979"]
[WhiteTeam "Hamburger SK"]

1. e4 g6 2. d4 Bg7 3. Nf3 d6 4. Nc3 c6 5. Be3 Bg4 6. Be2 Nd7 7. h3 Bxf3 8. Bxf3
Nb6 9. Be2 e6 10. Qd2 d5 11. O-O  h6 12. exd5 exd5 13. b3 Ne7 14. Bd3 Qd7
15. Ne2 Nf5 16. Bxf5 Qxf5 17. Ng3 Qf6 18. Rac1 O-O  19. c3 Qh4 20. Rfe1
Rfe8  1/2-1/2

[Event "11. OSEM SH 2017"]
[Site "Büsum"]
[Date "2017.09.14"]
[Round "7.21"]
[White "Strobel, Walter"]
[Black "Gerhards, Walter"]
[Result "1-0"]
[BlackElo "1916"]
[BlackTeam "Ratinger SK"]
[WhiteElo "2189"]
[WhiteTeam "SK Klingenberg"]

1. e4 e5 2. Nc3 Nc6 3. f4 d6 4. Nf3 Be7 5. Bb5 exf4 6. d4 Bd7 7. Bxf4 Nf6 8. O-O
 O-O  9. h3 a6 10. Be2 Re8 11. a3 Nh5 12. Bh2 g6 13. Qd2 Bf8 14. g4 Nf6
15. e5 Nxg4 16. hxg4 Bxg4 17. Ng5 Bxe2 18. Nxf7 Qh4 19. Nxe2 dxe5 20. Qg5 Qxg5+
21. Nxg5 exd4 22. Nf4 Bd6 23. Rae1 Rxe1 24. Rxe1 h6 25. Ne4 Ne5 26. Kg2 g5 27.
Nd5 Nc4 28. Nxd6 cxd6 29. Re7 Rf8 30. Rxb7 Ne3+ 31. Nxe3 dxe3 32. Bg1 Re8 33.
Kf1 h5 34. Ke2 d5 35. c3 h4 36. Rb4 Re5 37. Rg4 Kf7 38. Bh2 Rf5 39. Kxe3 Kg6
40. Rg1 Kh5 41. b4 g4 42. Bf4 Rf8 43. a4 Re8+ 44. Kd3 Re4 45. Bh2 Kg5 46. Bc7
Kf5 47. Kd2 Rc4 48. Rf1+ Ke6 49. Re1+ Kd7 50. Be5 g3 51. Rg1 Rg4 52. Kd3 Ke6
53. Bc7 g2 54. Bh2 Kd7 55. Rb1 h3 56. Re1 a5 57. b5 Rxa4 58. b6 Kc8 59. Re7 Ra1
60. b7+ Kd8 61. b8=Q+ Kxe7 62. Qe5+ Kd8 63. Qxd5+ Ke8 64. Qe6+ Kd8 65. Kc4 g1=Q
66. Bxg1  1-0

[Event "11. OSEM SH 2017"]
[Site "Büsum"]
[Date "2017.09.14"]
[Round "7.22"]
[White "Piastowski, Kurt"]
[Black "Oechslein, Rainer"]
[Result "0-1"]
[BlackElo "2294"]
[BlackTeam "SK Schweinfurt"]
[WhiteElo "1940"]
[WhiteTeam "Brühler SK"]

1. d4 g6 2. Nf3 Bg7 3. e4 d6 4. Be3 Nf6 5. Nc3 c6 6. Be2 Nbd7 7. O-O  O-O
 8. Qd2 Ng4 9. Bf4 e5 10. dxe5 dxe5 11. Bg3 Qe7 12. Rfd1 Nb6 13. h3 Nh6 14.
Qd6 Qxd6 15. Rxd6 f6 16. Rdd1 Be6 17. Nd2 Rfe8 18. f3 Bf8 19. Bf2 Bb4 20. Bxb6
axb6 21. Bc4 Nf7 22. Bxe6 Rxe6 23. Ne2 Rd6 24. c3 Bc5+ 25. Kf1 Rad8 26. Ke1 b5
27. Nc1 Ng5 28. Ke2 Ne6 29. g3 Bf2  0-1

[Event "11. OSEM SH 2017"]
[Site "Büsum"]
[Date "2017.09.14"]
[Round "7.23"]
[White "Oettel, Lothar"]
[Black "Falk, Thomas"]
[Result "1/2-1/2"]
[BlackElo "2107"]
[BlackTeam "SV Oberursel"]
[WhiteElo "1937"]
[WhiteTeam "TSG Oberschöneweide"]

1. d4 Nf6 2. Nf3 d5 3. c4 dxc4 4. e3 e6 5. Bxc4 a6 6. a4 c5 7. Nc3 Nc6 8. O-O
 cxd4 9. Nxd4 Nxd4 10. exd4 Be7 11. d5  1/2-1/2

[Event "11. OSEM SH 2017"]
[Site "Büsum"]
[Date "2017.09.14"]
[Round "7.24"]
[White "Zunker, Reinhard, Dr."]
[Black "Schwetje, Siegfried"]
[Result "1-0"]
[BlackElo "1930"]
[BlackTeam "SC Bad Salzdetfurth"]
[WhiteElo "2103"]
[WhiteTeam "SV Hofheim"]

1. Nf3 Nf6 2. g3 d5 3. Bg2 c5 4. c3 Nc6 5. O-O  e5 6. d3 h6 7. Nbd2 Be6 8.
e4 dxe4 9. dxe4 Be7 10. Qe2 Qc7 11. Re1 O-O  12. h3 Rfd8 13. g4 Nh7 14. Nf1
Bf8 15. Ng3 g6 16. Nd2 a6 17. Nc4 b5 18. Ne3 Ne7 19. Qc2 Rac8 20. Bd2 c4 21.
Rad1 Rd3 22. Bf1 Rd7 23. Bc1 Rcd8 24. Rxd7 Rxd7 25. Rd1 Qd8 26. Rxd7 Qxd7 27.
b3 cxb3 28. axb3 f6 29. Qa2 Qc6 30. c4 Ng5 31. Bg2 Qc8 32. Nd5 Kg7 33. Ba3 Bxd5
34. exd5 h5 35. h4 Nf7 36. gxh5 g5 37. hxg5 Nxg5 38. Qc2 Nh3+ 39. Bxh3 Qxh3 40.
d6  1-0

[Event "11. OSEM SH 2017"]
[Site "Büsum"]
[Date "2017.09.14"]
[Round "7.25"]
[White "Neumann, Joachim"]
[Black "Plewka, Manfred"]
[Result "1/2-1/2"]
[BlackElo "1925"]
[BlackTeam "SV Rendsburg"]
[WhiteElo "2093"]
[WhiteTeam "SC Agon Neumünster"]

1. c4 g6 2. g3 Bg7 3. Bg2 d6 4. d4 e5 5. dxe5 Bxe5 6. Nf3 Bg7 7. O-O  Ne7 8.
Nc3 O-O  9. Nd4 Nbc6 10. e3 Nxd4 11. exd4 Nf5 12. d5 Re8 13. Ne4 b6 14. Bg5
f6 15. Bd2 Nh6 16. Bc3 Bf5 17. Re1 Bxe4 18. Rxe4 Rxe4 19. Bxe4 Qd7 20. Bg2 Re8
21. Qd2 Nf7 22. b3 a5 23. Re1 Nd8 24. Re3 Kf7 25. Qe2 Rxe3 26. Qxe3 Qe7 27.
Qxe7+ Kxe7 28. Bh3 Kf7 29. Bc8 f5 30. Bd2 Bd4 31. Kg2 Kf6 32. h4 Kf7 33. f3 h5
34. g4 fxg4 35. fxg4 hxg4 36. Bxg4 Kg7 37. h5 gxh5 38. Bxh5 Bf6 39. Kf3 Nf7 40.
Ke4 Kf8 41. Kf5 Ke7 42. b4 axb4 43. Bxb4 Ne5 44. Be2 Nd7 45. a4 Bh4 46. a5 bxa5
47. Bxa5 Kd8 48. Bc3 Nc5  1/2-1/2

[Event "11. OSEM SH 2017"]
[Site "Büsum"]
[Date "2017.09.14"]
[Round "7.26"]
[White "Mertens, Klaus"]
[Black "Lehr, Thomas"]
[Result "1/2-1/2"]
[BlackElo "1922"]
[BlackTeam "Husumer SV"]
[WhiteElo "2084"]
[WhiteTeam "FC Bierstadt"]

1. Nf3 d5 2. g3 c6 3. Bg2 Bg4 4. O-O  Nf6 5. b3 e6 6. Bb2 Nbd7 7. d4 Bd6 8.
Nbd2 O-O  9. c4 Re8 10. Ne5 Bf5 11. Ndf3 h6 12. a4 a5 13. Rc1 Qe7 14. h3
Be4 15. Nd2 Bxg2 16. Kxg2 Bb4 17. Ndf3 Ba3 18. Qc2 Bxb2 19. Qxb2 Rec8 20. c5
Nb8 21. Ne1 Na6 22. N1d3 Nd7 23. Nf3 Nf6 24. Qc3 Qc7 25. Nd2 Nd7 26. e4 Re8 27.
Rfe1 Nf6 28. e5 Nd7 29. Re2 Nf8 30. Nf1 Rec8 31. Ne3 Rab8 32. Rb2 Nd7 33. b4
axb4 34. Nxb4 Ra8 35. Rcb1 Rcb8 36. Nd3 b6 37. cxb6 Nxb6 38. a5 Na4 39. Rxb8+
Nxb8 40. Qa3 Rxa5 41. Ra1 Nd7 42. Qb4 Qb6 43. Qxb6 Ndxb6 44. Rc1  1/2-1/2

[Event "11. OSEM SH 2017"]
[Site "Büsum"]
[Date "2017.09.14"]
[Round "7.27"]
[White "Muuss, Klaus"]
[Black "Fleischer, Martin"]
[Result "1/2-1/2"]
[BlackElo "1919"]
[BlackTeam "SV Einheit Schwerin"]
[WhiteElo "2064"]
[WhiteTeam "VSF Flintbek"]

1. e4 e6 2. d4 d5 3. Nc3 Bb4 4. e5 c5 5. a3 cxd4 6. axb4 dxc3 7. bxc3 Qc7 8. Nf3
Bd7 9. Bd3 Ne7 10. O-O  Ng6 11. Re1 Nc6 12. Qe2 Nce7 13. c4 dxc4 14. Bxc4
Rc8 15. Bd3 a6 16. b5 axb5 17. Ba3 Nf4 18. Qd2 Nfd5 19. Bd6 Qc3 20. Qg5 g6 21.
Ra3 h6 22. Qc1 Qc6 23. Nd4 Qb6 24. Qb2 b4 25. Raa1 O-O  26. Re4 Ra8 27.
Rae1 Ra4 28. Qc1 Kg7 29. Nb3 Rc8 30. Rh4 g5 31. Rg4 Ng6 32. g3 Ra3 33. Qd2 Ra4
34. Rc4 Rxc4 35. Bxc4 Bc6 36. Nc5 Ra3 37. Bb3 Qb5 38. Nd3 Qa6 39. Bxd5 Bxd5 40.
Nxb4 Qa5 41. c3 Ra1 42. Nxd5 Rxe1+ 43. Qxe1 Qxd5 44. Qe3 b5 45. Qd4 Qxd4 46.
cxd4 f6 47. Kf1 Kf7 48. Ke2 Ne7 49. Kd3 Nd5 50. exf6 Kxf6 51. f3 h5 52. h3 g4
53. fxg4 hxg4 54. h4 Kf5 55. Bf8 Nf6 56. Bg7 Nd5 57. Be5 Ne7 58. Bc7 Nd5 59.
Bd8 Nb4+  1/2-1/2